Tennis - Tous les Gagnants d'un titre ATP en 2025 - Statistiques

Statistiques générales
  • Ce quiz a été pris 670 fois
    224 depuis la dernière actualisation
  • Le résultat moyen est 52 sur 60
Statistiques - réponses
Tournois Type de quiz Surface Nationalité Vainqueurs % Correct
Rotterdam ATP 500 Dur Espagne Carlos Alcaraz
99%
Monte-Carlo Masters 1000 Terre Battue Espagne Carlos Alcaraz
99%
Rome Masters 1000 Terre Battue Espagne Carlos Alcaraz
99%
Roland-Garros Grand Chelem Terre Battue Espagne Carlos Alcaraz
99%
Queen's ATP 500 Gazon Espagne Carlos Alcaraz
99%
Cincinnati Masters 1000 Dur Espagne Carlos Alcaraz
99%
US Open Grand Chelem Dur Espagne Carlos Alcaraz
99%
Tokyo ATP 500 Dur Espagne Carlos Alcaraz
99%
Open d'Australie Grand Chelem Dur Italie Jannik Sinner
99%
Wimbledon Grand Chelem Gazon Italie Jannik Sinner
99%
Pékin ATP 500 Dur Italie Jannik Sinner
99%
Vienne ATP 500 Dur Italie Jannik Sinner
99%
Paris Masters 1000 Dur Italie Jannik Sinner
99%
Turin ATP Finals Dur Italie Jannik Sinner
99%
Halle ATP 500 Gazon Kazakhstan Alexander Bublik
96%
Gstaad ATP 250 Terre Battue Kazakhstan Alexander Bublik
96%
Kitzbuhel ATP 250 Terre Battue Kazakhstan Alexander Bublik
96%
Hangzhou ATP 250 Dur Kazakhstan Alexander Bublik
96%
Madrid Masters 1000 Terre Battue Norvège Casper Ruud
96%
Stockholm ATP 250 Dur Norvège Casper Ruud
96%
Genêve ATP 250 Terre Battue Serbie Novak Djokovic
96%
Athènes ATP 250 Dur Serbie Novak Djokovic
96%
Shanghai Masters 1000 Dur Monaco Valentin Vacherot
96%
Adélaïde ATP 250 Dur Canada Felix Auger-Aliassime
94%
Montpellier ATP 250 Dur Canada Félix Auger-Aliassime
94%
Bruxelles ATP 250 Dur Canada Félix Auger-Aliassime
94%
Munich ATP 500 Terre Battue Allemagne Alexander Zverev
93%
Toronto Masters 1000 Dur États-Unis Ben Shelton
93%
Buenos Aires ATP 250 Terre Battue Brésil Joao Fonseca
93%
Bâle ATP 500 Dur Brésil Joao Fonseca
93%
Almaty ATP 250 Dur Russie Daniil Medvedev
91%
Barcelone ATP 500 Terre Battue Danemark Holger Rune
91%
Indian Wells Masters 1000 Dur Royaume-Uni Jack Draper
91%
Dubaï ATP 500 Dur Grèce Stefanos Tsitsipas
90%
Washington ATP 500 Dur Australie Alex De Minaur
89%
Doha ATP 500 Dur Russie Andrey Rublev
89%
Miami Masters 1000 Dur Tchéquie Jakub Mensik
89%
Stuttgart ATP 250 Gazon États-Unis Taylor Fritz
89%
Eastbourne ATP 250 Gazon États-Unis Taylor Fritz
89%
Marseille ATP 250 Dur France Ugo Humbert
89%
Auckland ATP 250 Dur France Gaël Monfils
86%
Dallas ATP 500 Dur Canada Denis Shapovalov
84%
Los Cabos ATP 500 Dur Canada Denis Shapovalov
84%
Brisbane ATP 250 Dur Tchéquie Jiri Lehecka
82%
Bucarest ATP 250 Terre Battue Italie Flavio Cobolli
78%
Hambourg ATP 500 Terre Battue Italie Flavio Cobolli
78%
Marrakech ATP 250 Terre Battue Italie Luciano Darderi
76%
Bastad ATP 250 Terre Battue Italie Luciano Darderi
76%
Umag ATP 250 Terre Battue Italie Luciano Darderi
76%
Majorque ATP 250 Gazon Pays-Bas Tallon Griekspoor
75%
Chengdu ATP 250 Dur Chili Alejandro Tabilo
73%
Acapulco ATP 500 Dur Tchéquie Tomas Machac
72%
Hong Kong ATP 250 Dur France Alexandre Muller
71%
Rio de Janeiro ATP 500 Terre Battue Argentine Sebastian Baez
70%
Rosmalen ATP 250 Gazon Canada Gabriel Diallo
67%
Metz ATP 250 Dur États-Unis Learner Tien
65%
Delray Beach ATP 250 Dur Serbie Miomir Kecmanovic
60%
Winston-Salem ATP 250 Dur Hongrie Marton Fucsovics
56%
Santiago ATP 250 Terre Battue Serbie Laslo Djere
46%
Houston ATP 250 Terre Battue États-Unis Jenson Brooksby
41%
Aucun quiz correspondant
Distribution des résultats
% des personnes avec chaque résultat
Percentile par nombre de réponses
Votre historique - résultats
Vous n’avez pas pris ce quiz depuis la dernière actualisation